<?xml version="1.0" encoding="UTF-8"?><?xml-stylesheet type="text/xsl" href="static/style.xsl"?><OAI-PMH xmlns="http://www.openarchives.org/OAI/2.0/" xmlns:xsi="http://www.w3.org/2001/XMLSchema-instance" xsi:schemaLocation="http://www.openarchives.org/OAI/2.0/ http://www.openarchives.org/OAI/2.0/OAI-PMH.xsd"><responseDate>2026-04-17T22:58:35Z</responseDate><request verb="GetRecord" identifier="oai:www.recercat.cat:10230/27777" metadataPrefix="marc">https://recercat.cat/oai/request</request><GetRecord><record><header><identifier>oai:recercat.cat:10230/27777</identifier><datestamp>2025-12-19T20:29:28Z</datestamp><setSpec>com_2072_6</setSpec><setSpec>col_2072_452954</setSpec></header><metadata><record xmlns="http://www.loc.gov/MARC21/slim" xmlns:dcterms="http://purl.org/dc/terms/" xmlns:xsi="http://www.w3.org/2001/XMLSchema-instance" xmlns:doc="http://www.lyncode.com/xoai" xsi:schemaLocation="http://www.loc.gov/MARC21/slim http://www.loc.gov/standards/marcxml/schema/MARC21slim.xsd">
   <leader>00925njm 22002777a 4500</leader>
   <datafield ind2=" " ind1=" " tag="042">
      <subfield code="a">dc</subfield>
   </datafield>
   <datafield ind2=" " ind1=" " tag="720">
      <subfield code="a">Yuan, Chenjie</subfield>
      <subfield code="e">author</subfield>
   </datafield>
   <datafield ind2=" " ind1=" " tag="260">
      <subfield code="c">2016-12-15T12:02:19Z</subfield>
   </datafield>
   <datafield ind2=" " ind1=" " tag="260">
      <subfield code="c">2016-12-15T12:02:19Z</subfield>
   </datafield>
   <datafield ind2=" " ind1=" " tag="260">
      <subfield code="c">2016</subfield>
   </datafield>
   <datafield ind2=" " ind1=" " tag="520">
      <subfield code="a">Treball de fi de màster en Lingüística Teòrica i Aplicada</subfield>
   </datafield>
   <datafield ind2=" " ind1=" " tag="520">
      <subfield code="a">Tutora: Pilar Prieto Vives</subfield>
   </datafield>
   <datafield ind2=" " ind1=" " tag="520">
      <subfield code="a">Recent studies have demonstrated the positive role of co-speech gestures in enhancing word memory recall in both first and second language acquisition (e.g., Quinn-Allen, 1995; Tellier, 2008; Kelly et al., 2009), and also the positive effects of using pitch gestures in the learning of L2 lexical tones (e.g., Jia &amp;amp; Wang, 2013a, b; Morett &amp;amp; Chang, 2015). However, it is not clear whether co-speech pitch gestures are beneficial for the learning of L2 intonation. Sixty-four native-Mandarin speakers with basic level of proficiency in Spanish were asked to learn three Spanish intonation patterns with a low tone on its nuclear accent (specifically, L*H%, L*HL%, and L*H%). A pre- and post-tests experiment design was used, where half of the participants were trained in the control No-Gesture Condition; and the other half with the Gesture Condition (i.e., pitch gestures marking the nuclear pitch movements). The results confirm (i) that Mandarin speakers tend to produce a high tone on the nuclear accent instead of a low tone (e.g., Liu, 2003; Ji &amp;amp; Li, 2009; Ji, 2010; Hong, 2012); and (ii) that Mandarin speakers in the experimental group produced the target pitch patterns significantly better than those in control group. Thus, observing pitch gestures does benefit L2 intonation learning. The findings support the embodied cognition paradigm and also has some implications for the teaching and learning of L2 intonation.</subfield>
   </datafield>
   <datafield tag="653" ind2=" " ind1=" ">
      <subfield code="a">Castellà -- Entonació</subfield>
   </datafield>
   <datafield tag="653" ind2=" " ind1=" ">
      <subfield code="a">Castellà -- Ensenyament -- Estudiants xinesos</subfield>
   </datafield>
   <datafield tag="653" ind2=" " ind1=" ">
      <subfield code="a">Parla i gest</subfield>
   </datafield>
   <datafield ind2="0" ind1="0" tag="245">
      <subfield code="a">Learning of Spanish intonation by Mandarin speakers: effects of observing pitch gestures</subfield>
   </datafield>
</record></metadata></record></GetRecord></OAI-PMH>